000 00986 aa a2200241 4500
005 20120611144412.0
010 _a
020 _c120.00
_a
035 _aB-211729
037 _bpub
082 _a615.53
100 _aशर्मा, रामगोपाल
_948899
245 _aसरल होम्योपैथिक मेटेरिया मेडिका /
_cरामगोपाल शर्मा एवं राजेश दीक्षित
246 _a
_b
250 _a
260 _aमथुरा
_bभाषा भवन
_c2002
270 _a
_b
_e
300 _a272पृ
_c22 सेमी (सजिल्द)
490 _a
_948900
700 _aदीक्षित, राजेश
_948865
942 _adpl
_cHN
_k
_2ddc
_h615.53
_mशर्मारा
999 _c67821
_d67821